| 000 | 00748nam a22002297a 4500 | ||
|---|---|---|---|
| 999 |
_c16975 _d16975 |
||
| 003 | AR-CdUCM | ||
| 008 | 190507b ||||| |||| 00| 0 spa d | ||
| 040 |
_aMUNICIPALIDAD PROVINCIAL DEL CUSCO _cBIBLIOTECA MUNICIPAL DEL CUSCO |
||
| 041 | _heng | ||
| 082 |
_a340 / _bN964 |
||
| 245 | _aLa nueva mujer / | ||
| 260 |
_aMéxico : _bEditores asociados, _c1976. |
||
| 300 |
_a354 páginas ; _c20 cm. |
||
| 505 | _aContenido: Declaración del año internacional de la mujer. | ||
| 650 |
_aDía de la mujer _936755 |
||
| 650 |
_aMujer mexicana _936756 |
||
| 650 |
_aLiteratura feminista _936757 |
||
| 700 |
_aHuber, Joan (compilador) _936758 |
||
| 700 |
_aMoreno, Maria Eugenia (prologo) _936759 |
||
| 942 |
_2ddc _cLIBROS |
||
| 945 |
_adavv _d07/05/2019 |
||